Essentials of clinical anatomy / (Record no. 1522)

MARC details
000 -LEADER
fixed length control field 01407pam a2200421 a 4500
001 - CONTROL NUMBER
control field data
005 - DATE AND TIME OF LATEST TRANSACTION
control field 20260322212104.0
008 - FIXED-LENGTH DATA ELEMENTS--GENERAL INFORMATION
fixed length control field data
035 ## - SYSTEM CONTROL NUMBER
System control number 3525773
010 ## - LIBRARY OF CONGRESS CONTROL NUMBER
LC control number 96033686
020 ## - INTERNATIONAL STANDARD BOOK NUMBER
International Standard Book Number 1850706352
020 ## - INTERNATIONAL STANDARD BOOK NUMBER
International Standard Book Number 9781850706359
035 ## - SYSTEM CONTROL NUMBER
-- (DLC) 96033686
040 ## - CATALOGING SOURCE
Original cataloging agency DNLM/DLC
Transcribing agency DLC
Modifying agency DLC
050 00 - LIBRARY OF CONGRESS CALL NUMBER
Classification number QM23.2
Item number .G47 1996
060 10 - NATIONAL LIBRARY OF MEDICINE CALL NUMBER
Classification number QS 4 G354e 1996
082 00 - DEWEY DECIMAL CLASSIFICATION NUMBER
Classification number 611
Edition information 20
100 1# - MAIN ENTRY--PERSONAL NAME
Personal name Ger, Ralph.
245 10 - TITLE STATEMENT
Title Essentials of clinical anatomy /
Statement of responsibility, etc. Ralph Ger, Peter Abrahams, Todd R. Olson.
246 30 - VARYING FORM OF TITLE
Title proper/short title Clinical anatomy
250 ## - EDITION STATEMENT
Edition statement 2nd ed.
260 ## - PUBLICATION, DISTRIBUTION, ETC.
Place of publication, distribution, etc. New York :
Name of publisher, distributor, etc. Parthenon Pub. Group,
Date of publication, distribution, etc. 1996.
300 ## - PHYSICAL DESCRIPTION
Extent xiii, 544 p. :
Other physical details ill. ;
Dimensions 24 cm.
336 ## - CONTENT TYPE
Content type term text
Content type code txt
Source rdacontent
337 ## - MEDIA TYPE
Media type term unmediated
Media type code n
Source rdamedia
338 ## - CARRIER TYPE
Carrier type term volume
Carrier type code nc
Source rdacarrier
500 ## - GENERAL NOTE
General note Includes index.
650 #0 - SUBJECT ADDED ENTRY--TOPICAL TERM
Topical term or geographic name entry element Human anatomy.
650 #0 - SUBJECT ADDED ENTRY--TOPICAL TERM
Topical term or geographic name entry element Anatomy, Pathological.
650 12 - SUBJECT ADDED ENTRY--TOPICAL TERM
Topical term or geographic name entry element Anatomy.
700 1# - ADDED ENTRY--PERSONAL NAME
Personal name Abrahams, Peter H.
700 1# - ADDED ENTRY--PERSONAL NAME
Personal name Olson, Todd R.
856 42 - ELECTRONIC LOCATION AND ACCESS
Materials specified Publisher description
Uniform Resource Identifier <a href="http://www.loc.gov/catdir/enhancements/fy0744/96033686-d.html">http://www.loc.gov/catdir/enhancements/fy0744/96033686-d.html</a>
906 ## - LOCAL DATA ELEMENT F, LDF (RLIN)
a 7
b cbc
c orignew
d 1
e ocip
f 19
g y-gencatlg
991 ## -
-- c-GenColl
-- QM23.2
-- .G47 1996
-- 00034344012
-- Copy 1
-- BOOKS
Holdings
Withdrawn status Lost status Damaged status Not for loan Home library Current library Shelving location Date acquired Total checkouts Full call number Barcode Date last seen Price effective from Koha item type
        Riverside Riverside General stacks 22/03/2026   611 LOC-RPL-00069 22/03/2026 22/03/2026 Books